Địa lý sinh vật

. Sau cùng, sách trình bày về những đặc trưng cơ bản địa lý thực vật và địa lý động vật Việt Nam.

محفوظ في:
التفاصيل البيبلوغرافية
المؤلف الرئيسي: LÊ VŨ KHÔI
التنسيق: كتاب
اللغة:Undetermined
منشور في: H. ĐHQG 2001
الموضوعات:
الوسوم: إضافة وسم
لا توجد وسوم, كن أول من يضع وسما على هذه التسجيلة!
Thư viện lưu trữ: Trung tâm Học liệu Trường Đại học Cần Thơ
LEADER 00628nam a2200181Ia 4500
001 CTU_47994
008 210402s9999 xx 000 0 und d
082 |a 578.09 
082 |b Kh452 
100 |a LÊ VŨ KHÔI 
245 0 |a Địa lý sinh vật 
245 0 |c LÊ VŨ KHÔI, Nguyễn Nghĩa Thìn 
260 |a H. 
260 |b ĐHQG 
260 |c 2001 
520 |a . Sau cùng, sách trình bày về những đặc trưng cơ bản địa lý thực vật và địa lý động vật Việt Nam. 
650 |a biogeography 
980 |a Trung tâm Học liệu Trường Đại học Cần Thơ